Introduction to biomedical instrumentation / (Record no. 49115)

MARC details
000 -LEADER
fixed length control field 00870nam a22002417a 4500
005 - DATE AND TIME OF LATEST TRANSACTION
control field 20101213123913.0
008 - FIXED-LENGTH DATA ELEMENTS--GENERAL INFORMATION
fixed length control field 101213t xxu||||| |||| 00| 0 eng d
010 ## - LCCN (DPL NO)
LC control number ENG-101792
020 ## - INTERNATIONAL STANDARD BOOK NUMBER
Terms of availability 195.00
International Standard Book Number 9788120341630
035 ## - SYSTEM CONTROL NUMBER
System control number EN-85325
037 ## - SOURCE OF ACQUISITION
Source of stock number/acquisition DBAD / PUB
040 ## - CATALOGING SOURCE
Original cataloging agency dpl
Language of cataloging Eng
082 ## - DEWEY DECIMAL CLASSIFICATION NUMBER
Classification number 610.284
100 ## - MAIN ENTRY--PERSONAL NAME
Personal name Mandeep Singh
9 (RLIN) 24733
245 1# - TITLE STATEMENT
Title Introduction to biomedical instrumentation /
Statement of responsibility, etc by Mandeep Singh
260 ## - PUBLICATION, DISTRIBUTION, ETC. (IMPRINT)
Place of publication, distribution, etc New Delhi
Name of publisher, distributor, etc Prentice-Hall of India
Date of publication, distribution, etc 2010
270 ## - ADDRESS
Address M-97, Connaught Circus,
City New Delhi
Postal code 110 001
300 ## - PHYSICAL DESCRIPTION
Extent xvii, 226p. :
Dimensions 24cm (pbk)
Other physical details ill
500 ## - GENERAL NOTE
General note Includes index
700 ## - ADDED ENTRY--PERSONAL NAME
9 (RLIN) 24734
Personal name Stinson, craig
942 ## - ADDED ENTRY ELEMENTS (KOHA)
Institution code [OBSOLETE] dpl
Item type English Books
Source of classification or shelving scheme Dewey Decimal Classification
Classification part 610.284
Call number suffix MAN
Holdings
Withdrawn status Lost status Source of classification or shelving scheme Damaged status Not for loan Collection code Home library Current library Date acquired Source of acquisition Cost, normal purchase price Total Checkouts Full call number Barcode Date last seen Copy number Cost, replacement price Koha item type
    Dewey Decimal Classification   Not For Loan Non-fiction D.B.Act.Division D.B.Act.Division 13/12/2010 DBAD/PUB 195.00   610.284 MAN EN-85325 13/12/2010 1 195.00 English Books

© Delhi Public Library
Hit Counter
free hit counter